000
00268nam a2200109 4500
008
160625b xxu||||| |||| 00| 0 eng d
100
_9
1180
_a
Corbett, S
245
_a
Corbett, S
260
_a
Can
_b
Little Brown & Com
_c
1973
300
_a
Corbett, S
942
_2
ddc
_c
BK
999
_c
961
_d
961